<?xml version="1.0" encoding="UTF-8"?>
<record
    xmlns:xsi="http://www.w3.org/2001/XMLSchema-instance"
    xsi:schemaLocation="http://www.loc.gov/MARC21/slim http://www.loc.gov/standards/marcxml/schema/MARC21slim.xsd"
    xmlns="http://www.loc.gov/MARC21/slim">

  <leader>03654nam a2200541Ia 4500</leader>
  <controlfield tag="001">2013</controlfield>
  <controlfield tag="008">241029s9999    xx            000 0 und d</controlfield>
  <datafield tag="010" ind1=" " ind2=" ">
    <subfield code="a">1886</subfield>
  </datafield>
  <datafield tag="041" ind1=" " ind2=" ">
    <subfield code="a">Espa&#xF1;ol</subfield>
  </datafield>
  <datafield tag="082" ind1=" " ind2=" ">
    <subfield code="a">ST MA-ES 0038 FH 2004</subfield>
  </datafield>
  <datafield tag="245" ind1=" " ind2="0">
    <subfield code="a">Relaci&#xF3;n entre la oferta curricular de las carreras de Contabilidad P&#xFA;blica, Ingenier&#xED;a Industrial y Administraci&#xF3;n de Empresas de la Universidad Tecnol&#xF3;gica de Santiago (UTESA) y las demandas del sector empresarial del Municipio de Moca, durante el per&#xED;odo 1993-2001</subfield>
  </datafield>
  <datafield tag="260" ind1=" " ind2=" ">
    <subfield code="a">Espaillat</subfield>
  </datafield>
  <datafield tag="300" ind1=" " ind2=" ">
    <subfield code="a">111</subfield>
  </datafield>
  <datafield tag="520" ind1=" " ind2=" ">
    <subfield code="a">1</subfield>
  </datafield>
  <datafield tag="630" ind1=" " ind2=" ">
    <subfield code="a">Administraci&#xF3;n</subfield>
  </datafield>
  <datafield tag="630" ind1=" " ind2=" ">
    <subfield code="a">Oferta Curricular</subfield>
  </datafield>
  <datafield tag="650" ind1=" " ind2=" ">
    <subfield code="a">Curriculum</subfield>
  </datafield>
  <datafield tag="690" ind1=" " ind2=" ">
    <subfield code="a">Elaborado</subfield>
  </datafield>
  <datafield tag="700" ind1=" " ind2=" ">
    <subfield code="e">asesor</subfield>
    <subfield code="a">Reyna, Roberto</subfield>
  </datafield>
  <datafield tag="700" ind1=" " ind2=" ">
    <subfield code="e">autor</subfield>
    <subfield code="a">Arias, Pedro Jacobo</subfield>
  </datafield>
  <datafield tag="700" ind1=" " ind2=" ">
    <subfield code="e">autor</subfield>
    <subfield code="a">Morel, Luisa</subfield>
  </datafield>
  <datafield tag="901" ind1=" " ind2=" ">
    <subfield code="a">{"1":"Arias","2":"Morel"}</subfield>
    <subfield code="b">{"1":"Pedro Jacobo","2":"Luisa"}</subfield>
  </datafield>
  <datafield tag="902" ind1=" " ind2=" ">
    <subfield code="a">1</subfield>
  </datafield>
  <datafield tag="903" ind1=" " ind2=" ">
    <subfield code="a">{"1":"Reyna"}</subfield>
    <subfield code="b">{"1":"Roberto"}</subfield>
  </datafield>
  <datafield tag="904" ind1=" " ind2=" ">
    <subfield code="a">Maestr&#xED;a en</subfield>
  </datafield>
  <datafield tag="905" ind1=" " ind2=" ">
    <subfield code="a">Ense&#xF1;anza Superior</subfield>
  </datafield>
  <datafield tag="906" ind1=" " ind2=" ">
    <subfield code="a">2</subfield>
  </datafield>
  <datafield tag="907" ind1=" " ind2=" ">
    <subfield code="a">NO APLICA</subfield>
  </datafield>
  <datafield tag="908" ind1=" " ind2=" ">
    <subfield code="a">NO APLICA</subfield>
  </datafield>
  <datafield tag="909" ind1=" " ind2=" ">
    <subfield code="a">Universidad Aut&#xF3;noma de Santo Domingo (UASD)</subfield>
  </datafield>
  <datafield tag="910" ind1=" " ind2=" ">
    <subfield code="a">NULL</subfield>
    <subfield code="b">NULL</subfield>
  </datafield>
  <datafield tag="911" ind1=" " ind2=" ">
    <subfield code="a">["1"]</subfield>
  </datafield>
  <datafield tag="912" ind1=" " ind2=" ">
    <subfield code="a">NO APLICA</subfield>
  </datafield>
  <datafield tag="913" ind1=" " ind2=" ">
    <subfield code="a">NULL</subfield>
  </datafield>
  <datafield tag="914" ind1=" " ind2=" ">
    <subfield code="a">01 de Julio de 2004</subfield>
  </datafield>
  <datafield tag="915" ind1=" " ind2=" ">
    <subfield code="a">NULL</subfield>
  </datafield>
  <datafield tag="916" ind1=" " ind2=" ">
    <subfield code="a">NULL</subfield>
  </datafield>
  <datafield tag="917" ind1=" " ind2=" ">
    <subfield code="a">NULL</subfield>
  </datafield>
  <datafield tag="918" ind1=" " ind2=" ">
    <subfield code="a">Educaci&#xF3;n para adultos</subfield>
  </datafield>
  <datafield tag="919" ind1=" " ind2=" ">
    <subfield code="a">["269","147"]</subfield>
  </datafield>
  <datafield tag="520" ind1=" " ind2=" ">
    <subfield code="a">La investigaci&#xF3;n se propuso como objetivo principal verificar si los empresarios del Municipio de Moca y las autoridades correspondientes de la Universidad Tecnol&#xF3;gica de Santiago (UTESA), Recinto Moca, contribuyen a que el curr&#xED;culum de las carreras de Contabilidad P&#xFA;blica, Ingenier&#xED;a Industrial y Administraci&#xF3;n de Empresas responden a las demandas y exigencias del sector empresarial.La metodolog&#xED;a empleada para la investigaci&#xF3;n fue de tipo descriptiva y anal&#xED;tica; el dise&#xF1;o descriptivo-explicativo y el m&#xE9;todo de s&#xED;ntesis y anal&#xED;tico.El universo estuvo compuesto por tres sectores: la Universidad UTESA, Recinto Moca, el sector empresarial del municipio, compuesto por las grandes, medianas, peque&#xF1;as y microempresas, 150 en total en todo el municipio y, los egresados de UTESA de las carreras, 468 egresados en total.El estudio concluye indicando que se comprob&#xF3; que las empresas que planifican seminarios, curso-taller, el 81% no lo hacen en combinaci&#xF3;n con la universidad, &#xE9;sta es una de las razones por las cuales las empresas no tienen asignaci&#xF3;n presupuestaria para otorgar becas o cursos de capacitaci&#xF3;n a sus empleados en combinaci&#xF3;n con este centro de estudios, por otro lado, que existe limitada relaci&#xF3;n entre las autoridades administrativas y acad&#xE9;micas de la universidad con el empresariado local, situaci&#xF3;n que trae como consecuencia: que los egresados no tengan el perfil de profesionales que demanda la comunidad, que los programas de estudio cursados no se corresponden con la realidad del mercado nacional e internacional, etc.Entre sus principales recomendaciones, el mismo se&#xF1;ala crear un organismo de enlace entre la universidad y los empresarios, donde se determinen las necesidades actuales y el perfil de los profesionales en atenci&#xF3;n a la realidad ocupacional, que se propicie la firma de convenios para colocar a los estudiantes en condici&#xF3;n de pasant&#xED;a en las empresas para que luego formen parte del personal de esta y, realizar estudios de mercado que sirvan de referencia para los procesos de redise&#xF1;o y actualizaci&#xF3;n de los programas, entre otras.</subfield>
  </datafield>
  <datafield tag="921" ind1=" " ind2=" ">
    <subfield code="a">16</subfield>
  </datafield>
  <datafield tag="922" ind1=" " ind2=" ">
    <subfield code="a">16</subfield>
  </datafield>
  <datafield tag="923" ind1=" " ind2=" ">
    <subfield code="a">0</subfield>
  </datafield>
  <datafield tag="924" ind1=" " ind2=" ">
    <subfield code="a">NO APLICA</subfield>
  </datafield>
  <datafield tag="942" ind1=" " ind2=" ">
    <subfield code="c">Tesis</subfield>
  </datafield>
  <datafield tag="999" ind1=" " ind2=" ">
    <subfield code="c">1886</subfield>
    <subfield code="d">1886</subfield>
  </datafield>
</record>
